Directory of certified and export inspected products 1984.
| Format: | Book |
|---|---|
| Published: |
Kuala Lumpur:
Matrade,
[19--].
|
| Subjects: |
| LEADER | 00448cam a2200157 7i4500 | ||
|---|---|---|---|
| 001 | 0000001493 | ||
| 005 | 19991025090000.0 | ||
| 002 | ##000002224 | ||
| 020 | 0 | 0 | |a T000002229 |
| 090 | 0 | 0 | |a 00.07 45 702 |b DIR |
| 245 | 0 | 0 | |a Directory of certified and export inspected products 1984. |
| 260 | 0 | 0 | |a Kuala Lumpur: |b Matrade, |c [19--]. |
| 300 | 0 | 0 | |a 83p. |
| 650 | 0 | 0 | |a Export Products |
| 651 | 0 | 0 | |a Kuala Lumpur |
| 999 | |a 0000003626 |b Book |c Reference |e Business Information Centre | ||